Govt. of
Madhya Pradesh

Vedic Hindu and Tribal Marriage (Record no. 5590)

MARC details
000 -LEADER
fixed length control field 004290000a22001810004500
003 - CONTROL NUMBER IDENTIFIER
control field MACL
005 - DATE AND TIME OF LATEST TRANSACTION
control field 20150804125458.0
008 - FIXED-LENGTH DATA ELEMENTS--GENERAL INFORMATION
fixed length control field 150804b xxu||||| |||| 00| 0 eng d
040 ## - CATALOGING SOURCE
Original cataloging agency MACL
Transcribing agency MACL
041 ## - LANGUAGE CODE
Language code of text/sound track or separate title English
082 ## - DEWEY DECIMAL CLASSIFICATION NUMBER
Classification number 392
100 ## - MAIN ENTRY--PERSONAL NAME
Personal name Apte, Dr, Usha M.
9 (RLIN) 4552
245 ## - TITLE STATEMENT
Title Vedic Hindu and Tribal Marriage
260 ## - PUBLICATION, DISTRIBUTION, ETC. (IMPRINT)
Name of publisher, distributor, etc. Aware
Date of publication, distribution, etc. 1982
Place of publication, distribution, etc. Hyderabad
350 ## - PRICE (NR) (BK AM CF MU VM SE) [OBSOLETE]
Price 100
650 ## - SUBJECT ADDED ENTRY--TOPICAL TERM
Topical term or geographic name as entry element Customs
9 (RLIN) 4260
942 ## - ADDED ENTRY ELEMENTS (KOHA)
Koha item type Books
Call number prefix 392
Source of classification or shelving scheme
Holdings
Withdrawn status Lost status Source of classification or shelving scheme Damaged status Not for loan Home library Current library Date acquired Cost, normal purchase price Total Checkouts Full call number Barcode Date last seen Uniform Resource Identifier Price effective from Koha item type
          MACL MACL 15/04/2015 100.00   392 CRE003264 02/05/2024 5538 15/04/2015 Books